00508nam a2200193Ia 4500003000900000008004100009020001800050040001600068080001200084100001900096245006700115260003300182300001500215650002000230650002400250650001100274650001200285650001700297IN-BaIIA211028s9999 xx 000 0 eng d a0-03-031944-7 cIIA Library a53bJEW aJewett, John W 4aThe world of physicsbmysteries magic and mythcJohn W. Jewett aAustraliabBrooks-Colec2001 axii, 397p. aCircular motion aElectrical circuits aEnergy aPhysics aPolarization